The brown bast syndrome of Hevea brasiliensis (Record no. 42802)

MARC details
000 -LEADER
fixed length control field 00455nam a2200157Ia 4500
020 ## - INTERNATIONAL STANDARD BOOK NUMBER
ISBN 9789832088301
082 ## - DEWEY DECIMAL CLASSIFICATION NUMBER
Classification number NR:63:581.2
Item number YEA
100 ## - MAIN ENTRY--AUTHOR NAME
Personal name Yeang, H Y
245 #4 - TITLE STATEMENT
Title The brown bast syndrome of Hevea brasiliensis
260 ## - PUBLICATION, DISTRIBUTION, ETC. (IMPRINT)
Place of publication Malaysia
Name of publisher Malaysian Rubber Board
Year of publication 2007
490 ## - SERIES STATEMENT
Series statement Malaysian Rubber Board Monograph No. 21
650 ## - SUBJECT ADDED ENTRY--TOPICAL TERM
Topical Term Brown bast syndrome
650 ## - SUBJECT ADDED ENTRY--TOPICAL TERM
Topical Term TPD control
942 ## - ADDED ENTRY ELEMENTS (KOHA)
Koha item type Reference
Holdings
Withdrawn status Lost status Damaged status Not for loan Home library Current library Date acquired Cost, normal purchase price Full call number Accession Number Koha item type
        RRII Library RRII Library 16/12/2021 20.00 NR:63:581.2 YEA 23066 Books